| 000 | 00696nam a2200253Ia 4500 | ||
|---|---|---|---|
| 008 | 160303s9999 xx 000 0 und d | ||
| 020 | _a978-971-23-4812-9 | ||
| 050 | _aFIL KPM 1214 | ||
| 050 | _b.A98 2007 v.2 | ||
| 100 | _aAzucena, Cesario A., Jr. | ||
| 245 | 4 | _aThe Labor code : | |
| 245 | _bwith comments and cases : part of the labor law-labor relation series / | ||
| 245 | _cCesario A. Azucena, Jr. | ||
| 250 | _a6th Edition | ||
| 260 | _aManila: | ||
| 260 | _bRex Book Store, Inc., | ||
| 260 | _c2007 | ||
| 300 | _a833 pages : | ||
| 300 | _billustrations ; | ||
| 300 | _c23 cm. | ||
| 440 | _vv.2 | ||
| 650 | _aLabor laws and legislation -- | ||
| 650 | _xPhilippines. | ||
| 999 |
_c291437 _d291437 |
||